| 000 | 00873nam a2200229 4500 | ||
|---|---|---|---|
| 001 | 44145 | ||
| 003 | BD-RjUL | ||
| 005 | 20211209053815.0 | ||
| 008 | 160714r20131999bg ||||| |||| 00| 0 ben d | ||
| 020 |
_a9789844014985 _c: Tk.200.00 |
||
| 035 | _a(BD-RjUL)44263 | ||
| 040 |
_aBD-RjUL _bben _cBD-RjUL _dBD-RjUL |
||
| 041 | _aben | ||
| 082 |
_223 _a954.92051 _bANM 2013 |
||
| 100 |
_aআনিসুজ্জামান _9135545 |
||
| 245 | 1 | 0 |
_aমুক্তিযুদ্ধ এবং তারপর / _cআনিসুজ্জামান |
| 260 |
_aঢাকা : _bআগামী প্রকাশনী, _c১৯৯৯ [ মুদ্রণ ২০১৩] |
||
| 300 |
_a৯৬ পৃ. ; _c২৩ সেমি. |
||
| 650 |
_aমুক্তিযুদ্ধ _zবাংলাদেশ _9135546 |
||
| 650 |
_aLiberation war _zBangladesh _9135547 |
||
| 942 |
_2ddc _cBK _01 |
||
| 999 |
_c44145 _d44145 |
||